01347nam a2200313 i 4500003000900000005001700009007000300026008004100029020001800070040003000088082002000118100005200138245021200190264005100402300002600453336002700479337003300506338002800539500007100567504003100638590002700669700005100696700005200747700005700799910001400856942001400870952013200884999001701016DO-SdBNP20250616115437.0ta250616s2013 dr 000 0 spa d a9789945475746 aDO-SdBNPbspacBNPHUerda a398.9bN9642221 aNuñez, Juan Isidrod1958-927816eautor4aut.10aRefranes, contrarrefranes, recontrarrefranes y requetecontrarrefranes /cJuan Isidro Núñez ; prólogo, Alfonso García ; prefacio, José Miguel Soto Jiménez ; preámbulo, José Ángel M. Bratini  1aSanto Domingo :bEdiciones Rumbo Este, c2013. a406 páginasc23 cm. atextobtxt2rdacontent asin mediaciónbn2rdamedia avolumenbnc2rdacarrier aIncluye datos biografícos del autor en la solapa de la portada.  aBibliografía p: 405-406. aInventariado, 2025/ YL1 aGarcía, Alfonso eprólogo,4pról.9881231 aSoto Jiménez, José Miguel eprefacio4pref.1 aM. Bratini, José Ángel epreámbulo4pr.988124 aYLockward 2ddccLBS1 00102ddc51708PDaBNPHUbBNPHUcCTd2024-05-08eDonación l0oBNPHU PD 398.9 N964p2025-5212r2025-06-16w2025-06-16yLBS1 c59295d59295